[Event "Mittelfranken-ch HT 54th"]
[Site "Forchheim"]
[Date "2005.03.24"]
[Round "5"]
[White "Vogiatzis, Dimitrios"]
[Black "Foerstel, Stefan"]
[Result "1/2-1/2"]
[WhiteElo "1988"]
[BlackElo "1784"]
[PlyCount "89"]
[EventDate "2005.03.22"]
[EventType "swiss"]
[EventRounds "9"]
[EventCountry "GER"]
[SourceTitle "EXT 2011"]
[Source "ChessBase"]
[SourceDate "2010.11.26"]
[SourceVersion "1"]
[SourceVersionDate "2010.11.26"]
[SourceQuality "1"]

1. e4 e5 2. Nf3 Nc6 3. Bb5 a6 4. Ba4 Nf6 5. 0-0 b5 6. Bb3 Bc5 7. c3 0-0 8. d4 Bd6 9. Re1 h6 10. Nbd2 Re8 11. d5 Ne7 12. Nf1 Ng6 13. Ng3 Bc5 14. Be3 Bxe3 15. Rxe3 d6 16. h3 Kf8 17. a4 Bd7 18. c4 b4 19. Qd2 a5 20. Rc1 Bc8 21. c5 Nd7 22. c6 Nc5 23. Bc2 Nf4 24. b3 g6 25. Ne2 Nxe2+ 26. Rxe2 Kg7 27. Kh2 Qf6 28. Re3 h5 29. Rh1 Rh8 30. h4 Rf8 31. Ng5 Bg4 32. f3 Bc8 33. Rf1 Qe7 34. g3 f6 35. Nh3 Rf7 36. Ng1 Ba6 37. Rf2 Raf8 38. Nh3 Bc8 39. Ng1 Ba6 40. f4 Bc8 41. f5 g5 42. Ref3 g4 43. Re3 Ba6 44. Bd1 Ra8 45. Ne2 1/2-1/2

[Event "Mittelfranken-ch HT 54th"]
[Site "Forchheim"]
[Date "2005.03.22"]
[Round "2"]
[White "Foerstel, Stefan"]
[Black "Fink, Martin"]
[Result "1-0"]
[WhiteElo "1784"]
[BlackElo "1864"]
[PlyCount "70"]
[EventDate "2005.03.22"]
[EventType "swiss"]
[EventRounds "9"]
[EventCountry "GER"]
[SourceTitle "EXT 2011"]
[Source "ChessBase"]
[SourceDate "2010.11.26"]
[SourceVersion "1"]
[SourceVersionDate "2010.11.26"]
[SourceQuality "1"]

1. e4 c5 2. Nf3 Nc6 3. d4 cxd4 4. Nxd4 d6 5. Nc3 Nf6 6. Be3 g6 7. Be2 Bg7 8. Qd2 0-0 9. f3 Bd7 10. 0-0 a6 11. Rad1 Rc8 12. Kh1 Ne5 13. Bg5 Ne8 14. Nd5 f6 15. Be3 f5 16. exf5 gxf5 17. Bg5 Ng6 18. Rfe1 Rf7 19. b3 Bxd4 20. Qxd4 Rxc2 21. Bc4 e5 22. Bxd8 exd4 23. Nb4 Rb2 24. Bb6 Nf4 25. Bxf7+ Kxf7 26. Bxd4 Re2 27. Rxe2 Nxe2 28. Bb2 Nf4 29. Nd5 Ne6 30. Nb6 Bc6 31. Ba3 Ng5 32. Kg1 Ke6 33. Nc8 Nf7 34. Re1+ Kf6 35. Ne7 Ne5 1-0